Fluid Power with Applications (Record no. 248723)

MARC details
000 -LEADER
fixed length control field 00412nam a2200169Ia 4500
008 - FIXED-LENGTH DATA ELEMENTS--GENERAL INFORMATION
fixed length control field 240921s9999||||xx |||||||||||||| ||und||
082 ## - DEWEY DECIMAL CLASSIFICATION NUMBER
-- 620.106 P6
100 ## - MAIN ENTRY--PERSONAL NAME
Personal name Esposito,Anthony
245 #0 - TITLE STATEMENT
Title Fluid Power with Applications
250 ## - EDITION STATEMENT
Edition statement 4th
260 ## - PUBLICATION, DISTRIBUTION, ETC. (IMPRINT)
Date of publication, distribution, etc 2006
Name of publisher, distributor, etc Tata Mcgraw Hill,New
650 ## - SUBJECT ADDED ENTRY--TOPICAL TERM
Topical term or geographic name as entry element Fluid Power
942 ## - ADDED ENTRY ELEMENTS (KOHA)
Item type Book Bank
Holdings
Withdrawn status Lost status Damaged status Permanent location Current location Shelving location Date acquired Source of acquisition Full call number Barcode Date last seen Koha item type
      CENTRAL LIBRARY, NOORUL ISLAM CENTRE FOR HIGHER EDUCATION CENTRAL LIBRARY, NOORUL ISLAM CENTRE FOR HIGHER EDUCATION     Nil 620.106 P6 BB 879 09/21/2024 Book Bank
Visitors:
Copyright © 2024 Central Library NICHE.  All rights reserved.